Score 0/24 Timer 03:00
1 Play Today
Clue Answer % Correct
Heavy lifting can cause pain hereBACK
94.5%
Where a robber makes a withdrawalBANK
91.5%
Bulletin board fastenerTACK
89.8%
Indy 500 or Boston Marathon e.g.RACE
86.7%
Like bloody steakRARE
84.3%
Close an envelopeSEAL
84.1%
'I coulda ____ a contender!'BEEN
81.4%
Chris Penn's older brotherSEAN
79.4%
With last rung, American fast-food restaurantTACO
77.8%
Guitar string pluckerPICK
75.9%
Possible ingredient in a [first rung]BEAN
75.7%
With first rung, American fast-food restaurantBELL
75.2%
Clue Answer % Correct
What a child will do when you tell them not to lookPEEK
73.8%
Good place for snorkelingREEF
72.9%
Smell awfulREEK
72.8%
____ like hotcakesSELL
72.7%
Possible ingredient in a [first rung]BEEF
70.9%
Possible ingredient in a [first rung]RICE
65.8%
Humphrey's character who said 'Here's looking at you, kid.'RICK
62.4%
8 quartsPECK
61.7%
Eric who starred in 'Troy' and 'Munich'BANA
52%
Prince in IndiaRAJA
33.6%
____ AvisRARA
31.7%
Common word on a [first rung]+[last rung] menuBAJA
29.6%

Today's Daily Dose

Remove Ads.
Support Sporcle.
Get the best of Sporcle when you Go Orange. This ad-free experience offers more features, more stats, and more fun while also helping to support Sporcle. Thank you for becoming a member.

You're not logged in!

Compare scores with friends on all Sporcle quizzes.
OR
Log In

Show Comments

Extras

Top Quizzes Today


Score Distribution

Your Account Isn't Verified!

In order to create a playlist on Sporcle, you need to verify the email address you used during registration. Go to your Sporcle Settings to finish the process.

Report this User

Report this user for behavior that violates our Community Guidelines.

Details: